000 00375nam a22001577a 4500
005 20200528113650.0
008 200528b xxu||||| |||| 00| 0 eng d
041 _aeng
082 _a340
100 _aBARE ACT
_95744
245 _aTHE DRAMATIC PERFORMANCES ACT, 1876
260 _aDELHI
_bPROFESSIONAL BOOK PUBLISHERS
300 _a5;p
650 _aLAW
_95701
942 _cBK
999 _c6578
_d6576